<?xml version="1.0" encoding="UTF-8"?>
<record
    xmlns:xsi="http://www.w3.org/2001/XMLSchema-instance"
    xsi:schemaLocation="http://www.loc.gov/MARC21/slim http://www.loc.gov/standards/marcxml/schema/MARC21slim.xsd"
    xmlns="http://www.loc.gov/MARC21/slim">

  <leader>01023nam a2200265 i 4500</leader>
  <controlfield tag="001">148078</controlfield>
  <controlfield tag="003">ES-MaACL</controlfield>
  <controlfield tag="005">20250815082421.0</controlfield>
  <controlfield tag="007">t|</controlfield>
  <controlfield tag="008">070214s1960    sp      r    ||||1| spa d</controlfield>
  <datafield tag="080" ind1=" " ind2=" ">
    <subfield code="a">338.5</subfield>
  </datafield>
  <datafield tag="245" ind1="0" ind2="0">
    <subfield code="a">Ensayos sobre la teor&#xED;a de los precios / </subfield>
    <subfield code="c">G.J. Stigler y K.E. Boulding, directores de la edici&#xF3;n ; traducci&#xF3;n del ingl&#xE9;s por Josefina Culebras, Jos&#xE9; L. Barinaga y Gonzalo Platas.</subfield>
  </datafield>
  <datafield tag="260" ind1=" " ind2=" ">
    <subfield code="a">Madrid : </subfield>
    <subfield code="b">Aguilar, </subfield>
    <subfield code="c">1960 (</subfield>
    <subfield code="e">Valencia : </subfield>
    <subfield code="f">Tip. Art&#xED;stica)</subfield>
  </datafield>
  <datafield tag="300" ind1=" " ind2=" ">
    <subfield code="a">XV, 526 p. ; </subfield>
    <subfield code="c">24 cm.</subfield>
  </datafield>
  <datafield tag="490" ind1="1" ind2=" ">
    <subfield code="a">Biblioteca de ciencias sociales. Secci&#xF3;n primera: econom&#xED;a</subfield>
  </datafield>
  <datafield tag="650" ind1=" " ind2="7">
    <subfield code="a">Precios</subfield>
    <subfield code="2">embne</subfield>
    <subfield code="9">144081</subfield>
  </datafield>
  <datafield tag="700" ind1="1" ind2=" ">
    <subfield code="a">Stigler, George J.</subfield>
    <subfield code="9">108219</subfield>
  </datafield>
  <datafield tag="700" ind1="1" ind2=" ">
    <subfield code="a">Boulding, Kenneth E.</subfield>
    <subfield code="9">30904</subfield>
  </datafield>
  <datafield tag="700" ind1="1" ind2=" ">
    <subfield code="a">Culebras, Josefina.</subfield>
    <subfield code="9">42129</subfield>
  </datafield>
  <datafield tag="700" ind1="1" ind2=" ">
    <subfield code="a">Barinaga Blanco, Jos&#xE9; Luis.</subfield>
    <subfield code="9">25652</subfield>
  </datafield>
  <datafield tag="700" ind1="1" ind2=" ">
    <subfield code="a">Platas, Gonzalo.</subfield>
    <subfield code="9">92591</subfield>
  </datafield>
  <datafield tag="830" ind1="1" ind2="0">
    <subfield code="a">Biblioteca de ciencias sociales (Aguilar). </subfield>
    <subfield code="p">Econom&#xED;a</subfield>
    <subfield code="9">181705</subfield>
  </datafield>
  <datafield tag="852" ind1="4" ind2=" ">
    <subfield code="a">ES-MaACL</subfield>
    <subfield code="j">C-18264</subfield>
  </datafield>
  <datafield tag="999" ind1=" " ind2=" ">
    <subfield code="c">148078</subfield>
    <subfield code="d">148078</subfield>
  </datafield>
  <datafield tag="952" ind1=" " ind2=" ">
    <subfield code="0">0</subfield>
    <subfield code="1">0</subfield>
    <subfield code="4">0</subfield>
    <subfield code="7">0</subfield>
    <subfield code="a">ATENEOM</subfield>
    <subfield code="b">ATENEOM</subfield>
    <subfield code="c">Galer&#xED;a</subfield>
    <subfield code="d">2008-01-17</subfield>
    <subfield code="e">SC</subfield>
    <subfield code="l">0</subfield>
    <subfield code="o">C-18264</subfield>
    <subfield code="p">1154535</subfield>
    <subfield code="r">2023-02-23 00:00:00</subfield>
    <subfield code="w">2023-02-23</subfield>
    <subfield code="y">MONOGRAFIA</subfield>
  </datafield>
</record>
